000 00832cab a2200289 4500
001 ABS54293
008 090401t1996 xxu||||| |||| 00| 0 eng d
035 _a(Sirsi) u9607
041 _aeng
245 _aMarket report: East Anglia
260 _c1996
350 _a0
490 _aProperty Week
_v52(4) 11 January 1996, 40-63(8)
650 _aCAMBRIDGE
650 _aEAST ANGLIA
650 _aHUNTINGDON
650 _aINDUSTIAL MARKET
650 _aIPSWICH
650 _aNORWICH
650 _aPROPERTY-COMMERCIAL PROPERTY-OFFICE PROPERTY-OFFICE PROPERTY MARKET
650 _aPETERBOROUGH
650 _aPROPERTY-COMMERCIAL PROPERTY-RETAIL PROPERTY-RETAIL PROPERTY MARKET
650 _aSUPPLY AND DEMAND
690 _aPROPERTY-COMMERCIAL PROPERTY-COMMERCIAL PROPERTY MARKET
942 _n0
948 _c04/03/1997
999 _c6024
_d6024